| 000 | 00919cam a22003138a 4500 | ||
|---|---|---|---|
| 001 | 16302405 | ||
| 003 | PILC | ||
| 005 | 20150227130157.0 | ||
| 008 | 100625r20101847nyu 000 1 eng | ||
| 010 | _a 2010026238 | ||
| 020 | _a9780143106159 | ||
| 040 |
_aDLC _cDLC |
||
| 043 | _ae-uk-en | ||
| 050 | 0 | 0 |
_aPR 4167 _b.J3 2010 |
| 082 | 0 | 0 | _a823/.8 |
| 100 | 1 |
_aBrontë, Charlotte, _d1816-1855. |
|
| 245 | 1 | 0 |
_aJane Eyre / _cCharlotte Brontë. |
| 260 |
_aNew York : _bPenguin Books, _c2010. |
||
| 263 | _a1010 | ||
| 300 |
_a453 pages : _c22 cm. |
||
| 490 | 0 | _aPenguin Classics deluxe edition | |
| 650 | 0 |
_aGovernesses _zEngland _vFiction. |
|
| 650 | 0 |
_aYoung women _zEngland _vFiction. |
|
| 655 | 7 |
_aBildungsromans. _2gsafd |
|
| 655 | 7 |
_aLove stories. _2gsafd |
|
| 906 |
_a7 _bcbc _corignew _d1 _eecip _f20 _gy-gencatlg |
||
| 942 |
_2lcc _cBK |
||
| 999 |
_c283636 _d283636 |
||